| 000 | 01070 a2200289 4500 | ||
|---|---|---|---|
| 005 | 20260427135508.0 | ||
| 020 | _a0130105848 | ||
| 020 | _a9780130105844 | ||
| 050 | 0 | 0 |
_aHD9000 _bKOH 2002 |
| 100 | 1 |
_aKohls, Richard L. _d1921- _eauthor |
|
| 245 | 1 | 0 |
_aMarketing of agricultural products / _cRichard Kohls, Joseph N. Uhl. |
| 250 | _aninth edition | ||
| 264 |
_aU.S.A : _bPrentice Hall, _c2002 |
||
| 300 |
_a544 pages _bill.ustrations |
||
| 336 |
_atext _btxt _2rdacontent |
||
| 337 |
_aunmediated _bn _2rdamedia |
||
| 338 |
_avolume _bnc _2rdacarrier |
||
| 504 | _aIncludes bibliographical references and index. | ||
| 650 | 0 | _aProduce trade. | |
| 650 | 0 |
_aFarm produce _xMarketing. |
|
| 650 | 0 | _aProduce trade | |
| 650 | 0 |
_aFarm produce _xMarketing. |
|
| 700 | 1 |
_aUhl, Joseph N. _eauthor |
|
| 942 |
_2lcc _cBK _enineth edition _h9000 _iKOH _kHD |
||
| 999 |
_c11781 _d11781 |
||